Anfangs- und Endstationen aller Buslinien in Wien - Statistiken

Allgemein
  • Dieses Quiz wurde 319 mal gespielt
    6 seit der letzten Aktualisierung
  • Das Durchschnittsergebnis liegt bei 41 aus 230
Antwortstatistiken
Linie Anfangs-/Endstation % Korrekt
43B Bahnhof Hütteldorf SU
50%
47B Bahnhof Hütteldorf SU
50%
49A Bahnhof Hütteldorf SU
50%
50A Bahnhof Hütteldorf SU
50%
50B Bahnhof Hütteldorf SU
50%
52A Bahnhof Hütteldorf SU
50%
52B Bahnhof Hütteldorf SU
50%
53A Bahnhof Hütteldorf SU
50%
73B Bahnhof Kaiserebersdorf S
50%
32A Bahnhof Strebersdorf S
50%
34A Bahnhof Strebersdorf S
50%
96A Erzherzog Karl Straße S
50%
42A Hernals S
50%
44A Hernals S
50%
16A Hetzendorf S
50%
64B Hetzendorf S
50%
60A Liesing S
50%
61A Liesing S
50%
61B Liesing S
50%
62A Liesing S
50%
64A Liesing S
50%
66A Liesing S
50%
54B Ober St. Veit U
50%
77A Rennweg S
50%
1A Schottentor U
50%
71A Schwechat Bahnhof S
50%
1A Stephansplatz U
50%
74A St.Marx S
50%
47A Unter St. Veit U
50%
16A Alaudagasse U
25%
19A Alaudagasse U
25%
19A Alaudagasse U
25%
67A Alaudagasse U
25%
67B Alaudagasse U
25%
20B Alte Donau U
25%
60A Alterlaa U
25%
64B Alterlaa U
25%
67B Alterlaa U
25%
84A Aspern Nord SU
25%
89A Aspern Nord SU
25%
95A Aspern Nord SU
25%
99A Aspern Nord SU
25%
99B Aspern Nord SU
25%
22A Aspernstraße U
25%
84A Aspernstraße U
25%
93A Aspernstraße U
25%
97A Aspernstraße U
25%
98A Aspernstraße U
25%
56A Bahnhof Atzgersdorf S
25%
58A Bahnhof Atzgersdorf S
25%
58B Bahnhof Atzgersdorf S
25%
7A Bahnhof Meidling SU
25%
7B Bahnhof Meidling SU
25%
8A Bahnhof Meidling SU
25%
9A Bahnhof Meidling SU
25%
59A Bahnhof Meidling SU
25%
62A Bahnhof Meidling SU
25%
71B Bahnhof Zentralfriedhof S
25%
29A Floridsdorf SU
25%
29B Floridsdorf SU
25%
33A Floridsdorf SU
25%
34A Floridsdorf SU
25%
72A Gasometer U
25%
63A Gesundheitszentrum Süd
25%
5A Griegstraße
25%
29A Großfeldsiedlung U
25%
29B Großfeldsiedlung U
25%
13A Hauptbahnhof SU
25%
69A Hauptbahnhof SU
25%
85A Hausfeldstraße U
25%
95B Hausfeldstraße U
25%
51A Hietzing U
25%
56A Hietzing U
25%
56B Hietzing U
25%
58A Hietzing U
25%
58B Hietzing U
25%
24A Kagraner Platz U
25%
31A Kagraner Platz U
25%
22A Kagran U
25%
26A Kagran U
25%
27A Kagran U
25%
27B Kagran U
25%
93A Kagran U
25%
94A Kagran U
25%
20A Kaisermühlen U
25%
92A Kaisermühlen U
25%
92B Kaisermühlen U
25%
4A Karlsplatz U
25%
47A Klinik Penzing
25%
48A Klinik Penzing
25%
82A Krieau U
25%
32A Leopoldau SU
25%
36B Leopoldau SU
25%
77A Lusthaus
25%
9A Meidling Hauptstraße U
25%
15A Meidling Hauptstraße U
25%
5A Nestroyplatz U
25%
14A Neubaugasse U
25%
20A Neue Donau U
25%
20B Neue Donau U
25%
10A Niederhofstraße U
25%
17A Oberlaa U
25%
68B Oberlaa U
25%
70A Oberlaa U
25%
54A Ober St.Veit U
25%
59A Oper Karlsplatz U
25%
45A Ottakring SU
25%
46A Ottakring SU
25%
46B Ottakring SU
25%
5B Praterstern SU
25%
80A Praterstern SU
25%
82A Praterstern SU
25%
25A Rennbahnweg U
25%
7A Reumannplatz U
25%
14A Reumannplatz U
25%
65A Reumannplatz U
25%
66A Reumannplatz U
25%
68A Reumannplatz U
25%
68B Reumannplatz U
25%
48A Ring Volkstheater U
25%
3A Schottenring U
25%
40A Schottentor U
25%
2A Schwedenplatz U
25%
88A Seestadt U
25%
88B Seestadt U
25%
69A Simmering SU
25%
73A Simmering SU
25%
35A Spittelau SU
25%
11A Stadion U
25%
86A Stadlau SU
25%
87A Stadlau SU
25%
94A Stadlau SU
25%
3A Stubentor U
25%
74A Stubentor U
25%
76A Alberner Hafen
0%
76B Alberner Hafen
0%
13A Alser Straße Skodagasse
0%
63A Am Rosenhügel
0%
92A Aspern Zachgasse
0%
64A Atzgersdorf Ziedlergasse
0%
50A Auhof
0%
50B Auhof
0%
5B Bahnhof Heiligenstadt SU
0%
10A Bahnhof Heiligenstadt SU
0%
11A Bahnhof Heiligenstadt SU
0%
38A Bahnhof Heiligenstadt SU
0%
39A Bahnhof Heiligenstadt SU
0%
86A Breitenlee Arnikaweg
0%
85A Breitenlee Rautenweg
0%
28A Breitenlee Schule
0%
97A Breitenlee Schule
0%
37A Brigittenauer Brücke
0%
57A Burgring
0%
36A Carabelligasse
0%
43A Cobenzl Parkplatz
0%
37A Dänenstraße
0%
40A Döblinger Friedhof
0%
79A Donaumarina Chrastekgasse
0%
79B Donaumarina Chrastekgasse
0%
12A Eichenstraße
0%
28A Eipeldauer Straße
0%
15A Enkplatz Grillgasse U
0%
76A Enkplatz Grillgasse U
0%
76B Enkplatz Grillgasse U
0%
98A Eßling Schippanysiedlung
0%
99A Eßling Schule
0%
99B Eßling Schule
0%
88A Eßling Stadtgrenze
0%
88B Eßling Wegmayersiedlung
0%
26A Groß Enzersdorf
0%
95A Großer Biberhaufen
0%
31A Großjedlersdorf Jochbergengasse
0%
72A Hasenleiten
0%
27A Hermann-Gebauer-Straße
0%
87A Hermann-Gebauer-Straße
0%
95B Hirschstetten Ort
0%
54A Hörndlwald
0%
47B Hüttelberg
0%
89A Invalidensiedlung
0%
17A Inzersdorf Birostraße
0%
67A Inzersdorf Slamastraße
0%
52A Jägerwaldsiedlung
0%
36A Jedlesee Bellgasse
0%
36B Jedlesee Bellgasse
0%
79A Kaiserebersdorf Münnichplatz
0%
79B Kaiserebersdorf Münnichplatz
0%
70A Kledering Bahnhof S
0%
8A Küniglberg ORF Zentrum
0%
68A Laaer Berg Kurpark Nordosteingang
0%
56B Lainzer Tor
0%
73A Landwehrstraße
0%
38A Leopoldsberg
0%
45A Liebhartstal
0%
44A Mitterberg
0%
33A Mühlschüttel
0%
24A Neueßling
0%
30A Neu Leopoldau
0%
80A Neu Marx
0%
39A Neustift Agnesgasse
0%
43B Neustift Agnesgasse
0%
41A Neustifter Friedhof 3.Tor
0%
43A Neuwaldegg
0%
92B Ölhafen
0%
51A Ottakringer Bad
0%
41A Pötzleinsdorf
0%
57A Rudolfsheim Anschützgasse
0%
35A Salmannsdorf
0%
27B Satzingerweg
0%
42A Schafberghöhe
0%
96A Schillwasserweg
0%
12A Schmelz Gablenzgasse
0%
2A Schwarzenbergplatz
0%
52B Siedlung Kordon
0%
30A Stammersdorf Freiheitsplatz
0%
53A Stock im Weg
0%
54B St. Veiter Tor
0%
25A Süßenbrunner Platz
0%
61A Vösendorf-Siebenhirten
0%
61B Vösendorf-Siebenhirten
0%
7B Wienerberg City
0%
65A Wienerberg City
0%
46A Wilhelminenberg
0%
46B Wilhelminenberg
0%
4A Wittelsbachstraße
0%
49A Wolfersberg Schöffelplatz
0%
Rundkurs ZF Zentralfriedhof 2.Tor
0%
Rundkurs ZF Zentralfriedhof 2.Tor
0%
71A Zentralfriedhof 3.Tor
0%
71B Zentralfriedhof 3.Tor
0%
73B Zentralfriedhof 3.Tor
0%
Keine übereinstimmenden Quizze gefunden
Verteilung der Resultate
Anzahl Personen mit jedem Resultat
Perzentil nach korrekt beantworteten Fragen
Ihre Resultats-Entwicklung
Sie haben dieses Quiz seit der letzten Aktualisierung nicht gespielt